Statistiques concernant Harry Potter: l'Epée de Godric Gryffondor

Cliquez ici pour prendre le quiz!

Statistiques générales

  • Ce quiz a été pris 139 fois
  • Le résultat moyen est 12 sur 18

Statistiques - réponses

InformationRéponse% Correct
Première apparitionHarry Potter et la chambre des secrets
99%
Derniere apparitionHarry Potter et les Reliques de la Mort
99%
Personne qui a tué Nagini grâce à elleNeville Londubat
97%
Créature qu'elle a servi à tuer et s'est impregné de son veninBasilic
96%
1er propriétaireGodric Gryffondor
96%
Personne qui l'a sortie du lac dans la forêt de DeanRon Weasley
92%
Forme du patronus qui a conduit Harry jusqu'à elleBiche
90%
Couleur de cette pierreRouge
90%
Personne qui a lancé ce patronusSeverus Rogue
88%
L'objet dont il est sorti par deux foisLe Choixpeau magique
83%
Pierre incrustant le mancheRubis
77%
FabricantRagnuk Ier
52%
MetalArgent
51%
UtilisationCombat
50%
Ce contre quoi Harry la donnée à GripsecDe l'aide pour entrer dans le coffre des Lestrange
49%
2e proprietaireDirecteurs de Poudlard
28%
Longueur86 cm
4%
Date de fabrication10e sciecle
0%

Distribution des résultats

Percentile par nombre de réponses

% des personnes avec chaque résultat

Votre développement - résultats

Vous n’avez pas pris ce quiz